Biología
保存先:
| 第一著者: | |
|---|---|
| その他の著者: | , |
| フォーマット: | 図書 |
| 言語: | スペイン語 |
| 出版事項: |
Ciudad de México
Interamericana
1987
|
| 主題: | |
| タグ: |
タグ追加
タグなし, このレコードへの初めてのタグを付けませんか!
|
MARC
| LEADER | 00000nam a2200000 a 4500 | ||
|---|---|---|---|
| 001 | UCW0461 | ||
| 003 | CL-VaPUC | ||
| 005 | 20230112074250.0 | ||
| 008 | 900323e19870000MX |||||||||||||||||spa|d | ||
| 999 | |c 215619 |d 215617 | ||
| 040 | |c Pontificia Universidad Católica de Valparaíso | ||
| 082 | 0 | 4 | |a 570 VIL 1987 |2 21 |
| 100 | 0 | |a Villee, Claude A |9 304381 | |
| 245 | 1 | 0 | |a Biología |
| 260 | |a Ciudad de México |b Interamericana |c 1987 | ||
| 300 | |a 1342 páginas | ||
| 583 | |a last modification |c 19900323 00:00:00 |k Rodrigo Vera | ||
| 650 | 0 | |a Biología |9 262022 | |
| 650 | 0 | |a Genética |9 259443 | |
| 700 | 0 | |a Solomon, Eldra Pearl |9 304382 | |
| 700 | 0 | |a Davis, P. William |9 304383 | |
| 942 | |c BK |2 ddc | ||
| 945 | |d 19900323 00:00:00 | ||
| 952 | |0 0 |1 0 |2 ddc |4 0 |6 570_000000000000000_VIL_1987 |7 0 |8 A |9 200080 |a BIBCUR |b BIBCUR |c PAC |d 2019-11-14 |i 2674009 |o 570 VIL 1987 |p 2674009 |r 2025-04-22 |t 2 |w 2019-11-14 |y BK |k BIO | ||
| 952 | |0 0 |1 0 |2 ddc |4 0 |6 570_000000000000000_VIL_1987 |7 0 |8 R |9 200082 |a BIBEDU |b BIBEDU |d 2019-11-14 |i 1550268 |o 570 VIL 1987 |p 1550268 |r 2019-11-14 |t 5 |w 2019-11-14 |y BK_R |k EDU | ||